ბათუმის შოთა რუსთაველის სახელმწიფო უნივერსიტეტის ბიბლიოთეკა

ავტომატიკისა და ტელემექანიკის საშუალებათა დაპროექტება : (ბიბ.ჩანაწერი № 39889)

000 -ლიდერი
ფიქსირებული სიგრძის საკონტროლო ველი 01088nam a2200217Ia 4500
001 - საკონტროლო ნომერი
საკონტროლო ველი 6494
003 - საკონტროლო ნომრის იდენტიფიკატორი
საკონტროლო ველი GE_BSU
005 - ბოლო ოპერაციის თარიღი და დრო
საკონტროლო ველი 20190513153727.0
008 - ფიქსირებული სიგრძის მონაცემთა ელემენტები - ზოგადი ინფორმაცია
ფიქსირებული სიგრძის საკონტროლო ველი 181216s1990||||ge |||||||||||||| ||geo||
040 ## - კატალოგიზაციის წყარო
Transcribing agency GE_BSU
041 ## - ენის კოდი
Language code of text/sound track or separate title geo
080 ## - უნივერსალური ათობითი კლასიფიკაციის ინდექსი
Universal Decimal Classification number 621.5(075.8) + 621.398(075.8) ლ-86
100 ## - მთავარი ჩანაწერი - პიროვნების სახელი
Personal name ლოსაბერიძე, ა.
9 (RLIN) 1068
245 ## - ცნობა სათაურის შესახებ
Title ავტომატიკისა და ტელემექანიკის საშუალებათა დაპროექტება :
Remainder of title სახელმძღვ. /
Statement of responsibility, etc ა. ლოსაბერიძე ; რედ. დ. დავითური.
264 ## - წარმოების, გამოცემის, დისტრიბუციის და სხვა ცნობები
გამოცემის, წარმოების, დისტრიბუციის... ადგილი თბილისი :
გამოცემის, წარმოების, დისტრიბუციის... სახელწოდება განათლება,
გამოცემის, წარმოების, დისტრიბუციის... თარიღი 1990.
300 ## - ფიზიკური აღწერა
Extent 144 გვ.
Other physical details ნახაზები ;
Accompanying material 20 სმ.
504 ## - BIBLIOGRAPHY, ETC. NOTE
Bibliography, etc ბიბლიოგრ. : გვ.142.
653 ## - INDEX TERM--UNCONTROLLED
Uncontrolled term ავტომატიკისა და ტელემექანიკის საშუალებათა დაპროექტება
700 ## - ADDED ENTRY--PERSONAL NAME
Personal name დავითური, დ.
Relator term რედაქტორი
9 (RLIN) 950
942 ## - ADDED ENTRY ELEMENTS (KOHA)
Koha item type წიგნი
Source of classification or shelving scheme
ეგზემპლარები
ჩამოწერის სტატუსი დაკარგული ეგზემპლარის სტატუსი კლასიფიკაციის წყარო ან თაროზე გაწყობის სქემა დაზიანების სტატუსი არ გაიცემა მუდმივი მდებარეობა (დაცვის ადგილი) ამჟამინდელი ადგილსამყოფელი თაროზე განთავსების ადგილი შეძენის თარიღი ღირებულება, შესყიდვის ნორმალური ფასი სრული შენახვის შიფრი შტრიხკოდი ბოლო ოპერაციის თარიღი ეგზემპლარის მიმდევრობითი ნომერი (კეტერი?) ფასის ძალაში შესვლის თარიღი ეგზემპლარის სახეობა საჯარო შენიშვნა
          ტექნოლოგიური ფაკულტეტის ბიბლიოთეკა ტექნოლოგიური ფაკულტეტის ბიბლიოთეკა წიგნსაცავი 2018-12-17 0.40 621.5(075.8) + 621.398(075.8) ლ-86 11819 2018-12-17 11819 2018-12-17 წიგნი 0.40 ლ.
          ტექნოლოგიური ფაკულტეტის ბიბლიოთეკა ტექნოლოგიური ფაკულტეტის ბიბლიოთეკა წიგნსაცავი 2018-12-17 0.40 621.5(075.8) + 621.398(075.8) ლ-86 11820 2018-12-17 11820 2018-12-17 წიგნი 0.40 ლ.
          ტექნოლოგიური ფაკულტეტის ბიბლიოთეკა ტექნოლოგიური ფაკულტეტის ბიბლიოთეკა წიგნსაცავი 2018-12-17 0.40 621.5(075.8) + 621.398(075.8) ლ-86 11821 2018-12-17 11821 2018-12-17 წიგნი 0.40 ლ.